[Event "GER-chT U14"]
[Site "Magdeburg"]
[Date "2012.12.29"]
[Round "6.4"]
[White "Hartge, Gedeon"]
[Black "Tuente, Hendrik"]
[Result "1-0"]
[WhiteElo "1626"]
[BlackElo "1347"]
[PlyCount "45"]
[EventDate "2012.12.27"]
[EventType "team-swiss"]
[EventRounds "7"]
[EventCountry "GER"]
[SourceTitle "EXT 2014"]
[Source "ChessBase"]
[SourceDate "2013.11.20"]
[SourceVersion "1"]
[SourceVersionDate "2013.11.20"]
[SourceQuality "1"]
[WhiteTeam "Halle Volksbank"]
[BlackTeam "Raesfeld Erle"]
[WhiteTeamCountry "GER"]
[BlackTeamCountry "GER"]

1. d4 e6 2. c4 d5 3. Nf3 Nf6 4. Bg5 Nbd7 5. Nc3 Be7 6. e3 0-0 7. Bd3 b6 8. cxd5 Nxd5 9. Nxd5 exd5 10. Bxe7 Qxe7 11. Qc2 Nf6 12. Rc1 Qb4+ 13. Qc3 c5 14. Qxb4 cxb4 15. 0-0 Be6 16. Rc7 Rfc8 17. Rfc1 a5 18. Ne5 g6 19. f3 Nd7 20. Rxc8+ Rxc8 21. Rxc8+ Kg7 22. Nxd7 Bxd7 23. Rb8 1-0

[Event "GER-chT U14"]
[Site "Magdeburg"]
[Date "2012.12.28"]
[Round "4.4"]
[White "Tuente, Hendrik"]
[Black "Artz, Tobias"]
[Result "1/2-1/2"]
[WhiteElo "1347"]
[BlackElo "1375"]
[PlyCount "55"]
[EventDate "2012.12.27"]
[EventType "team-swiss"]
[EventRounds "7"]
[EventCountry "GER"]
[SourceTitle "EXT 2014"]
[Source "ChessBase"]
[SourceDate "2013.11.20"]
[SourceVersion "1"]
[SourceVersionDate "2013.11.20"]
[SourceQuality "1"]
[WhiteTeam "Raesfeld Erle"]
[BlackTeam "Goeggingen"]
[WhiteTeamCountry "GER"]
[BlackTeamCountry "GER"]

1. e4 e5 2. Nf3 Nc6 3. Bc4 Bc5 4. d3 Nf6 5. Be3 Bb6 6. Nc3 d6 7. h3 Be6 8. Bb3 0-0 9. d4 exd4 10. Nxd4 Nxd4 11. Bxd4 Re8 12. Ba4 c6 13. 0-0 Bc4 14. Re1 Rc8 15. Bb3 Bxb3 16. axb3 d5 17. Bxb6 Qxb6 18. exd5 Rxe1+ 19. Qxe1 cxd5 20. Qe2 h6 21. Qd3 Rd8 22. Rd1 a6 23. Qd4 Qxd4 24. Rxd4 b5 25. f3 g6 26. Ne4 Kg7 27. Kf2 Rc8 28. Nc3 1/2-1/2

[Event "GER-chT U12"]
[Site "Gross Doelln"]
[Date "2010.12.29"]
[Round "5.3"]
[White "Tuente, Hendrik"]
[Black "Hertzfeldt, Leon"]
[Result "1/2-1/2"]
[WhiteElo "1267"]
[BlackElo "1349"]
[PlyCount "105"]
[EventDate "2010.12.27"]
[EventType "team-swiss"]
[EventRounds "7"]
[EventCountry "GER"]
[SourceTitle "CBM 140 Extra"]
[Source "ChessBase"]
[SourceDate "2011.03.01"]
[SourceVersion "1"]
[SourceVersionDate "2011.03.01"]
[SourceQuality "1"]
[WhiteTeam "Raesfeld Erle U12"]
[BlackTeam "Berlin Empor U12"]
[WhiteTeamCountry "GER"]
[BlackTeamCountry "GER"]

1. e4 c5 2. Bc4 d6 3. d3 Nf6 4. Nf3 e6 5. 0-0 Be7 6. Nbd2 a6 7. c3 b5 8. Bb3 Bb7 9. Re1 0-0 10. Bc2 Qc7 11. d4 cxd4 12. Nxd4 Nc6 13. N4f3 Rac8 14. a3 Nd7 15. Nf1 Nce5 16. Nxe5 Nxe5 17. Bf4 Ng6 18. Qd2 Rcd8 19. Re2 Nxf4 20. Qxf4 Qc4 21. Re3 Qc5 22. Rg3 Qh5 23. Rh3 Qg5 24. Qxg5 Bxg5 25. Re1 Rd7 26. e5 g6 27. Rd1 Bf4 28. exd6 Rxd6 29. Rxd6 Bxd6 30. Rd3 Rd8 31. f3 Bc5+ 32. Kh1 Rxd3 33. Bxd3 Kg7 34. Ng3 f5 35. Ne2 e5 36. Ng3 Kf6 37. c4 Bc6 38. cxb5 axb5 39. Ne2 b4 40. axb4 Bxb4 41. Kg1 Bd6 42. Bc4 Kg5 43. h3 e4 44. fxe4 Bxe4 45. Nc3 Bc5+ 46. Kf1 Bc6 47. Bd5 Bxd5 48. Nxd5 Kh4 49. b4 Ba7 50. b5 Kg3 51. b6 Bb8 52. b7 f4 53. Nf6 1/2-1/2

[Event "GER-chT U12"]
[Site "Arendsee"]
[Date "2009.12.27"]
[Round "2.4"]
[White "Doepper, Anna Berenice"]
[Black "Tuente, Hendrik"]
[Result "1/2-1/2"]
[WhiteElo "906"]
[BlackElo "1049"]
[PlyCount "92"]
[EventDate "2009.12.27"]
[EventType "team-swiss"]
[EventRounds "7"]
[EventCountry "GER"]
[SourceTitle "EXT 2022"]
[Source "ChessBase"]
[SourceDate "2021.10.06"]
[SourceVersion "1"]
[SourceVersionDate "2021.10.06"]
[SourceQuality "1"]
[WhiteTeam "Katernberg SF U12"]
[BlackTeam "Raesfeld Erle U12"]
[WhiteTeamCountry "GER"]
[BlackTeamCountry "GER"]

1. e4 e5 2. d4 exd4 3. Nf3 Bb4+ 4. c3 dxc3 5. Nxc3 Nc6 6. Bc4 d6 7. 0-0 Bg4 8. a3 Bxc3 9. bxc3 Qf6 10. Bg5 Qxc3 11. Be2 Bxf3 12. Bxf3 h6 13. Bd2 Qe5 14. Rb1 b6 15. g3 Rb8 16. Bf4 Qd4 17. Rc1 Qxd1 18. Rfxd1 g5 19. Rxc6 gxf4 20. Rxc7 fxg3 21. hxg3 a5 22. Rxd6 Rh7 23. e5 Ne7 24. e6 fxe6 25. Rxe6 Kd8 26. Rb7 Rxb7 27. Bxb7 Nc8 28. Bxc8 Kxc8 29. Rxb6 Kc7 30. Ra6 Kb7 31. Rxa5 Kb6 32. Re5 h5 33. Kg2 h4 34. g4 h3+ 35. Kh2 Kc6 36. Rh5 Ra7 37. Rxh3 Ra4 38. f3 Kd6 39. g5 Rxa3 40. g6 Ra8 41. f4 Ke6 42. Rh7 Rg8 43. Kg3 Rxg6+ 44. Kf3 Rf6 45. Ra7 Kf5 46. Ra5+ Kg6 1/2-1/2